[Event "SR Extraliga 2017/2018"]
[Site "?"]
[Date "2018.01.07"]
[Round "8.3"]
[White "Repka, Christopher"]
[Black "Roubalik, Jakub"]
[Result "0-1"]
[WhiteElo "2498"]
[BlackElo "2397"]
[PlyCount "90"]
[EventDate "2017.??.??"]

1. d4 Nf6 2. Nf3 e6 3. g3 c5 4. Bg2 Nc6 5. O-O cxd4 6. Nxd4 Qb6 7. Nb3 d5 8. a4
Be7 9. a5 Qd8 10. Nc3 O-O 11. e4 dxe4 12. Nxe4 Nxe4 13. Bxe4 Qc7 14. Qd3 Rd8
15. Qc4 e5 16. Bd5 Rxd5 17. Qxd5 Nb4 18. Qe4 Nxc2 19. Ra4 Be6 20. Na1 Nd4 21.
Bf4 Qd7 22. Bxe5 Qxa4 23. Qxd4 Qc6 24. Re1 Rc8 25. Qf4 Bh3 26. f3 Bc5+ 27. Kh1
Re8 28. Nc2 f6 29. Bd4 Rxe1+ 30. Nxe1 Bd6 31. Qe3 Qb5 32. g4 Qf1+ 33. Qg1 Qe2
34. Qf2 Qxf2 35. Bxf2 Bf1 36. Bxa7 Bb4 37. Nc2 Bxa5 38. Ne3 Be2 39. Kg2 Bc7 40.
Nf5 Kf7 41. Bc5 b6 42. Bd6 Bd8 43. Nd4 Bc4 44. Nc6 Ke8 45. Kg3 Kd7 0-1

[Event "SR Extraliga 2017/2018"]
[Site "?"]
[Date "2018.01.07"]
[Round "8.4"]
[White "Piesik, Piotr"]
[Black "Repkova, Eva"]
[Result "1-0"]
[WhiteElo "2371"]
[BlackElo "2304"]
[PlyCount "117"]
[EventDate "2017.??.??"]

1. Nf3 e6 2. g3 b6 3. Bg2 Bb7 4. O-O Nf6 5. c4 d6 6. Nc3 Nbd7 7. d3 Be7 8. e4
O-O 9. Ne1 d5 10. exd5 exd5 11. cxd5 Bb4 12. d4 Re8 13. Qb3 Bf8 14. Nc2 a6 15.
Bf4 b5 16. a4 Nb6 17. axb5 axb5 18. d6 Rxa1 19. Rxa1 Bxg2 20. dxc7 Qc8 21. Kxg2
b4 22. Na4 Nbd5 23. Be5 Nxc7 24. Bxf6 gxf6 25. Ne3 Qa8+ 26. d5 Bc5 27. Nxc5
Qxa1 28. Qxb4 Qa8 29. Qg4+ Kh8 30. Qf5 Kg7 31. Nd7 Re6 32. Qg4+ Kh8 33. Qf3 Rd6
34. Nxf6 Qd8 35. Ne4 Rd7 36. Nc5 Nxd5 37. Nxd7 Nxe3+ 38. Qxe3 Qxd7 39. Qe4 f5
40. Qf3 Qb5 41. Qc3+ Kg8 42. b4 Qb7+ 43. Kg1 Qe4 44. h4 Kf7 45. Qb3+ Kg6 46. b5
f4 47. Qg8+ Kf6 48. Qg5+ Ke6 49. gxf4 Qe1+ 50. Kg2 Qe4+ 51. Kh2 Qc2 52. Qe5+
Kf7 53. Qd4 Qf5 54. b6 Qh5 55. Qd7+ Kf6 56. Qd8+ Kf7 57. b7 Qf3 58. Qc7+ Kg6
59. Qb6+ 1-0

[Event "SR Extraliga 2017/2018"]
[Site "?"]
[Date "2018.01.07"]
[Round "8.5"]
[White "Dovzik, Juri"]
[Black "Vojtek, Vladimir"]
[Result "0-1"]
[WhiteElo "2292"]
[BlackElo "2266"]
[PlyCount "102"]
[EventDate "2017.??.??"]

1. e4 d5 2. exd5 Qxd5 3. Nc3 Qa5 4. d4 Nf6 5. Nf3 Nc6 6. Bb5 Ne4 7. Bd2 Nxc3 8.
Bxc6+ bxc6 9. Bxc3 Qd5 10. O-O Bg4 11. Re1 Bxf3 12. gxf3 e6 13. Re5 Qd8 14. Qe2
Bd6 15. Re4 O-O 16. Rg4 g6 17. Re1 Rb8 18. Qc4 Rb5 19. Qxc6 Rd5 20. Qc4 Rh5 21.
Rg2 Qh4 22. Re4 Bxh2+ 23. Kf1 Qh3 24. f4 Rh4 25. Qd3 Qxd3+ 26. cxd3 Bxf4 27. d5
exd5 28. Ra4 c5 29. Bf6 Rh1+ 30. Rg1 Rxg1+ 31. Kxg1 Bb8 32. Ra5 Rc8 33. Be7 c4
34. Rxd5 cxd3 35. Rxd3 Be5 36. b4 Kg7 37. b5 Rc2 38. a3 Bc7 39. Bb4 Bb6 40.
Bc3+ Kf8 41. Bd4 Bxd4 42. Rxd4 Rb2 43. Rd7 Rxb5 44. Rxa7 h5 45. Kg2 Kg7 46. a4
Rb3 47. a5 Ra3 48. Kh2 Kf6 49. Kg2 g5 50. f3 Kg6 51. Ra8 Kf5 0-1

[Event "SR Extraliga 2017/2018"]
[Site "?"]
[Date "2018.01.07"]
[Round "8.6"]
[White "Zvarik, Martin"]
[Black "Frindt, Kornel"]
[Result "1-0"]
[WhiteElo "2265"]
[BlackElo "2223"]
[PlyCount "65"]
[EventDate "2017.??.??"]

1. d4 Nf6 2. Bg5 d5 3. Nd2 e6 4. e3 c5 5. dxc5 Bxc5 6. c3 O-O 7. Ngf3 Nc6 8.
Bd3 Be7 9. Qe2 h6 10. Bxf6 Bxf6 11. e4 d4 12. e5 dxc3 13. Nc4 cxb2 14. Rd1 Be7
15. O-O Qc7 16. Qe4 g6 17. a3 Rb8 18. h4 h5 19. g4 hxg4 20. Qxg4 Kg7 21. h5 Rg8
22. hxg6 b5 23. Nd6 Nxe5 24. Nxe5 f5 25. Qh5 Bxd6 26. Nf7 Kf8 27. Qh6+ Rg7 28.
Ng5 Bf4 29. Qh8+ Rg8 30. Nh7+ Ke7 31. Qf6+ Ke8 32. Bxb5+ Rxb5 33. Rd8+ 1-0

[Event "SR Extraliga 2017/2018"]
[Site "?"]
[Date "2018.01.07"]
[Round "8.7"]
[White "Klemanic, Emil"]
[Black "Veres, Andrej"]
[Result "1/2-1/2"]
[WhiteElo "2119"]
[BlackElo "2218"]
[PlyCount "31"]
[EventDate "2017.??.??"]

1. e4 e5 2. Nc3 Nf6 3. f4 d5 4. fxe5 Nxe4 5. Nf3 c5 6. d3 Nxc3 7. bxc3 Nc6 8.
Be2 Be7 9. O-O O-O 10. Qe1 f6 11. d4 cxd4 12. cxd4 Qb6 13. exf6 Bxf6 14. Be3
Re8 15. Qd2 Bg4 16. c3 1/2-1/2

[Event "SR Extraliga 2017/2018"]
[Site "?"]
[Date "2018.01.07"]
[Round "8.8"]
[White "Bombek, Peter"]
[Black "Tauber, Marek"]
[Result "1/2-1/2"]
[WhiteElo "2259"]
[BlackElo "2110"]
[PlyCount "48"]
[EventDate "2017.??.??"]

1. e4 d6 2. d4 Nf6 3. Nc3 e5 4. dxe5 dxe5 5. Qxd8+ Kxd8 6. Bc4 Be6 7. Bxe6 fxe6
8. Bg5 Bd6 9. O-O-O Ke7 10. Nge2 Nc6 11. f3 a6 12. a3 Rad8 13. Be3 Kf7 14. Rd3
Be7 15. Rhd1 Rxd3 16. Rxd3 Rd8 17. Rxd8 Bxd8 18. Kd2 Be7 19. Na4 Nd7 20. c4 Na5
21. Kd3 b5 22. cxb5 axb5 23. Nac3 c6 24. a4 b4 1/2-1/2

[Event "SR Extraliga 2017/2018"]
[Site "?"]
[Date "2018.01.07"]
[Round "8.1"]
[White "Erdos, Viktor"]
[Black "Mazur, Stefan"]
[Result "1-0"]
[WhiteElo "2630"]
[BlackElo "2438"]
[PlyCount "93"]
[EventDate "2017.??.??"]

1. Nf3 f5 2. d3 Nc6 3. d4 e6 4. g3 Nf6 5. Bg2 d5 6. O-O Ne7 7. c4 Ng6 8. b3 c6
9. e3 Bd7 10. Ba3 Bxa3 11. Nxa3 Qe7 12. Qc1 O-O 13. Qb2 b5 14. c5 a5 15. Nc2
Ne4 16. Nce1 b4 17. Nd3 Bc8 18. Nde5 Nxe5 19. Nxe5 Ba6 20. Rfe1 Qc7 21. Bxe4
fxe4 22. a3 bxa3 23. Rxa3 Bb5 24. Rea1 Ra7 25. Qd2 Rfa8 26. h4 Qd8 27. R3a2 Qc7
28. Kg2 Qd8 29. Kh2 Qc7 30. Qd1 Qd8 31. Kg1 Qf6 32. Qh5 Rf8 33. Qg5 Rfa8 34.
Ng4 Qf8 35. h5 Kh8 36. Qe5 Qf5 37. Qxf5 exf5 38. Ne5 Kg8 39. Kg2 Kf8 40. f3 Ke7
41. fxe4 fxe4 42. Kh3 g5 43. hxg6 hxg6 44. Kg4 Ke6 45. Kg5 Rh7 46. g4 Rh3 47.
Rf2 1-0

[Event "SR Extraliga 2017/2018"]
[Site "?"]
[Date "2018.01.07"]
[Round "8.2"]
[White "Rojicek, Vojtech"]
[Black "Petenyi, Tamas"]
[Result "1/2-1/2"]
[WhiteElo "2390"]
[BlackElo "2451"]
[PlyCount "43"]
[EventDate "2017.??.??"]

1. d4 Nf6 2. Nc3 e6 3. Bg5 Bb4 4. e3 b6 5. Nge2 Bb7 6. a3 Be7 7. Qd2 d6 8. f3
Nbd7 9. O-O-O O-O 10. e4 a6 11. Kb1 c5 12. Be3 Qc7 13. g4 cxd4 14. Nxd4 Ne5 15.
g5 Nfd7 16. h4 Rfe8 17. h5 Rac8 18. g6 Bf6 19. gxh7+ Kh8 20. Bg5 Qd8 21. Bxf6
Qxf6 22. Be2 1/2-1/2

[Event "SR Extraliga 2017/2018"]
[Site "?"]
[Date "2018.01.07"]
[Round "8.3"]
[White "Nemeth, Miklos"]
[Black "Hausner, Ivan"]
[Result "1-0"]
[WhiteElo "2495"]
[BlackElo "2330"]
[PlyCount "85"]
[EventDate "2017.??.??"]

1. e4 e6 2. d4 d5 3. Nd2 Be7 4. e5 c5 5. Qg4 Kf8 6. Ndf3 Nc6 7. dxc5 f6 8. Qg3
fxe5 9. Nxe5 Nxe5 10. Qxe5 Bxc5 11. Bg5 Nf6 12. O-O-O Kf7 13. Nf3 Re8 14. Bb5
Bd7 15. Bd3 Kg8 16. Qg3 Qe7 17. Ne5 Bd6 18. f4 Rf8 19. Rhe1 Be8 20. Kb1 Kh8 21.
Qh3 Qc7 22. Qxe6 Bh5 23. Rc1 Bxe5 24. Qxe5 Qxe5 25. Rxe5 Be8 26. Bxf6 Rxf6 27.
f5 h5 28. Be2 Bd7 29. Rxd5 Bxf5 30. Bxh5 Be4 31. Rd2 Rh6 32. Bf3 Bxf3 33. gxf3
Rf8 34. Rf1 Rf7 35. b3 Kh7 36. Kb2 Rhf6 37. Rd3 Kh6 38. Kc3 g5 39. Kd2 g4 40.
Ke2 Kg5 41. c4 Rf4 42. Rf2 Kg6 43. Rg2 1-0

[Event "SR Extraliga 2017/2018"]
[Site "?"]
[Date "2018.01.07"]
[Round "8.4"]
[White "Plachetka, Jan"]
[Black "Bokros, Albert"]
[Result "0-1"]
[WhiteElo "2324"]
[BlackElo "2472"]
[PlyCount "72"]
[EventDate "2017.??.??"]

1. Nf3 d5 2. g3 Nf6 3. Bg2 c6 4. d3 Bf5 5. Nbd2 h6 6. b3 e6 7. Bb2 Be7 8. O-O
O-O 9. Qe1 a5 10. a4 Na6 11. e4 Bh7 12. Qe2 Nb4 13. Ne1 Qb6 14. Kh1 Rad8 15. f4
Qa6 16. e5 Nd7 17. f5 Bxf5 18. Rxf5 exf5 19. c3 Nxd3 20. Qxd3 Nxe5 21. Qxa6
bxa6 22. Ndf3 Nxf3 23. Nxf3 Bf6 24. h4 Rb8 25. Nd2 Rfe8 26. Bf1 Re3 27. Kg2
Bxc3 28. Bxc3 Rxc3 29. Kf2 f4 30. gxf4 Rb4 31. Be2 Rxf4+ 32. Nf3 Rxb3 33. Rc1
Rb2 34. Rxc6 Re4 35. Ng1 Rxh4 36. Rxa6 Rxa4 0-1

[Event "SR Extraliga 2017/2018"]
[Site "?"]
[Date "2018.01.07"]
[Round "8.5"]
[White "Varga, Zoltan"]
[Black "Cech, Pavel"]
[Result "1-0"]
[WhiteElo "2448"]
[BlackElo "2372"]
[PlyCount "67"]
[EventDate "2017.??.??"]

1. c4 c6 2. e4 d5 3. cxd5 cxd5 4. exd5 Nf6 5. Bb5+ Nbd7 6. Nc3 a6 7. Bxd7+ Qxd7
8. Qb3 Qg4 9. Kf1 b5 10. Nf3 Bb7 11. d4 Rd8 12. a4 Nxd5 13. axb5 Nxc3 14. bxc3
Bxf3 15. gxf3 Qxf3 16. Rg1 Qd3+ 17. Ke1 axb5 18. Rg5 g6 19. Qxb5+ Qxb5 20. Rxb5
h5 21. Ra7 h4 22. h3 f6 23. f4 Rh7 24. Ke2 Kf7 25. Be3 Rh5 26. Rxh5 gxh5 27. c4
Rc8 28. Kd3 Rb8 29. f5 Rb3+ 30. Ke4 Rc3 31. c5 Rc4 32. Kd3 Rb4 33. d5 Rb3+ 34.
Ke4 1-0

[Event "SR Extraliga 2017/2018"]
[Site "?"]
[Date "2018.01.07"]
[Round "8.6"]
[White "Hrabusa, Matej"]
[Black "Bagi, Mate"]
[Result "0-1"]
[WhiteElo "2375"]
[BlackElo "2439"]
[PlyCount "92"]
[EventDate "2017.??.??"]

1. Nf3 Nf6 2. c4 b6 3. g3 Bb7 4. Bg2 g6 5. d4 Bg7 6. O-O O-O 7. Nc3 Ne4 8. Nxe4
Bxe4 9. Be3 d6 10. Qd2 e6 11. Bh6 Nd7 12. Bxg7 Kxg7 13. Qe3 Bb7 14. Rfd1 Re8
15. Rac1 Qe7 16. c5 bxc5 17. dxc5 Nxc5 18. Rxc5 dxc5 19. Ne5 Bd5 20. Ng4 Rad8
21. Qh6+ Kg8 22. e4 Bxe4 23. Rxd8 Qxd8 24. Qf4 f5 25. Nh6+ Kg7 26. Bxe4 fxe4
27. Qc1 Qd4 28. Ng4 e3 29. Nxe3 Rb8 30. b3 Rf8 31. Kg2 h5 32. h4 Kh7 33. Qc2
Rf7 34. Kg1 e5 35. Kg2 c6 36. Kg1 e4 37. Qc1 Rf3 38. Kg2 Rf8 39. Qc2 Rf7 40.
Qc1 Kg7 41. Qc2 Rd7 42. Qc1 Kh7 43. Qc2 Qb4 44. Nc4 Qe1 45. Nb2 e3 46. Nd3 Qd2
0-1

[Event "SR Extraliga 2017/2018"]
[Site "?"]
[Date "2018.01.07"]
[Round "8.7"]
[White "Csonka, Attila Istvan"]
[Black "Tropp, Oliver"]
[Result "1-0"]
[WhiteElo "2371"]
[BlackElo "2194"]
[PlyCount "55"]
[EventDate "2017.??.??"]

1. e4 e6 2. d4 d5 3. Nd2 Nf6 4. e5 Nfd7 5. Bd3 c5 6. c3 Nc6 7. Ne2 cxd4 8. cxd4
f6 9. exf6 Nxf6 10. Nf3 Qc7 11. O-O Bd6 12. Bd2 O-O 13. Ng3 e5 14. dxe5 Nxe5
15. Nxe5 Bxe5 16. Rc1 Qb6 17. Be3 d4 18. Bg5 Bg4 19. f3 Bd7 20. f4 Bg4 21. Qe1
Bd6 22. Ne4 Nxe4 23. Qxe4 g6 24. f5 gxf5 25. Qe6+ Rf7 26. Bc4 Raf8 27. h3 d3+
28. Be3 1-0

[Event "SR Extraliga 2017/2018"]
[Site "?"]
[Date "2018.01.07"]
[Round "8.8"]
[White "Motycakova, Monika"]
[Black "Varga, David"]
[Result "1/2-1/2"]
[WhiteElo "2140"]
[BlackElo "2304"]
[PlyCount "80"]
[EventDate "2017.??.??"]

1. e4 e5 2. Nf3 Nf6 3. Nxe5 d6 4. Nf3 Nxe4 5. d4 d5 6. Bd3 Nc6 7. O-O Be7 8.
Nbd2 Nxd2 9. Bxd2 Bg4 10. c3 Qd6 11. Re1 O-O-O 12. b4 Rde8 13. a4 Bf6 14. Rxe8+
Rxe8 15. a5 Nb8 16. Qa4 Nd7 17. Re1 Qf8 18. a6 Rxe1+ 19. Nxe1 Nb6 20. axb7+ Kb8
21. Qa6 Qe7 22. Nc2 Bg5 23. f4 Bf6 24. b5 Bd7 25. Nb4 Qe8 26. Qa5 Kxb7 27. Na6
Bc8 28. f5 Bd8 29. h3 c6 30. bxc6+ Qxc6 31. Bf4 Ka8 32. Bb5 Qf6 33. Be5 Qxf5
34. Nb4 Bg5 35. Nc6 Be3+ 36. Kh2 Bf4+ 37. Kg1 Be3+ 38. Kh2 Bf4+ 39. Kg1 Be3+
40. Kh2 Bf4+ 1/2-1/2

[Event "SR Extraliga 2017/2018"]
[Site "?"]
[Date "2018.01.07"]
[Round "8.1"]
[White "Banusz, Tamas"]
[Black "Krejci, Jan"]
[Result "1/2-1/2"]
[WhiteElo "2641"]
[BlackElo "2569"]
[PlyCount "25"]
[EventDate "2017.??.??"]

1. Nf3 Nf6 2. g3 d5 3. Bg2 e6 4. c4 d4 5. e3 Nc6 6. exd4 Nxd4 7. O-O Bc5 8.
Nxd4 Bxd4 9. Na3 e5 10. Nc2 O-O 11. d3 Bg4 12. Bf3 Bf5 13. Be2 1/2-1/2

[Event "SR Extraliga 2017/2018"]
[Site "?"]
[Date "2018.01.07"]
[Round "8.2"]
[White "Leniart, Arkadiusz"]
[Black "Papp, Gabor"]
[Result "1/2-1/2"]
[WhiteElo "2503"]
[BlackElo "2607"]
[PlyCount "109"]
[EventDate "2017.??.??"]

1. d4 d5 2. c4 e6 3. Nc3 Nf6 4. cxd5 Nxd5 5. Nf3 c5 6. e4 Nxc3 7. bxc3 cxd4 8.
cxd4 Bb4+ 9. Bd2 Bxd2+ 10. Qxd2 O-O 11. Be2 b6 12. O-O Bb7 13. Qe3 Nc6 14. Rac1
Qd6 15. Rfd1 Rfd8 16. Bb5 Rac8 17. d5 exd5 18. Rxd5 Qe7 19. Rxd8+ Nxd8 20. Rxc8
Bxc8 21. Bc4 Be6 22. Bxe6 Nxe6 23. h3 Qc5 24. Qd2 h6 25. Qd7 Qc1+ 26. Kh2 Qc2
27. Qxa7 Qxf2 28. a4 Qc5 29. Qb8+ Kh7 30. Ne5 Qf2 31. Nd7 Qd2 32. Nf8+ Nxf8 33.
Qxf8 Qf4+ 34. Kh1 Qf1+ 35. Kh2 Qc4 36. Qe8 Kg6 37. Qe5 Qe6 38. Qd4 f6 39. Kg3
Kf7 40. Kf3 Ke7 41. Qb4+ Qd6 42. Qc4 g5 43. Kg4 Qf4+ 44. Kh5 g4 45. h4 f5 46.
Qb4+ Kf7 47. Qc4+ Ke7 48. Qb4+ Kf7 49. Qb3+ Ke7 50. g3 Qe5 51. exf5 Qxf5+ 52.
Kxh6 Qf6+ 53. Kh5 Qf5+ 54. Kh6 Qf6+ 55. Kh5 1/2-1/2

[Event "SR Extraliga 2017/2018"]
[Site "?"]
[Date "2018.01.07"]
[Round "8.3"]
[White "Ftacnik, Lubomir"]
[Black "Druska, Juraj"]
[Result "1/2-1/2"]
[WhiteElo "2544"]
[BlackElo "2435"]
[PlyCount "84"]
[EventDate "2017.??.??"]

1. d4 d5 2. c4 e6 3. Nf3 Nf6 4. g3 Bb4+ 5. Bd2 Be7 6. Bg2 O-O 7. O-O Nbd7 8.
cxd5 exd5 9. Nc3 a6 10. Rc1 Bd6 11. Qc2 c6 12. Rfe1 Re8 13. a3 Nf8 14. Bg5 Ne6
15. Bxf6 Qxf6 16. e4 dxe4 17. Nxe4 Qd8 18. Nxd6 Qxd6 19. Ng5 g6 20. Rcd1 Qd8
21. Ne4 Nc7 22. Qb3 Rb8 23. Nc5 Bg4 24. Rxe8+ Qxe8 25. Rf1 Ne6 26. Ne4 Qd8 27.
d5 cxd5 28. Qxd5 Qxd5 29. Nf6+ Kg7 30. Nxd5 Rd8 31. Ne3 Be2 32. Rc1 Rd2 33. Rc2
Rxc2 34. Nxc2 b6 35. f4 Kf6 36. Kf2 Bb5 37. Nb4 Nc7 38. Nd5+ Nxd5 39. Bxd5 Ke7
40. Ke3 f6 41. Kd4 Kd6 42. Be4 Be8 1/2-1/2

[Event "SR Extraliga 2017/2018"]
[Site "?"]
[Date "2018.01.07"]
[Round "8.4"]
[White "Manik, Mikulas"]
[Black "Antal, Gergely"]
[Result "0-1"]
[WhiteElo "2418"]
[BlackElo "2522"]
[PlyCount "114"]
[EventDate "2017.??.??"]

1. e4 c5 2. Nf3 e6 3. d4 cxd4 4. Nxd4 Nc6 5. Nc3 Qc7 6. f4 a6 7. Nxc6 Qxc6 8.
Bd3 b5 9. Qe2 Bb7 10. Bd2 Rc8 11. a4 b4 12. Nd5 Nf6 13. Nxb4 Bxb4 14. Bxb4 Nxe4
15. a5 Nc5 16. Bxc5 Qxc5 17. Qf2 Qb4+ 18. c3 Qd6 19. Qe3 Qd5 20. Rg1 O-O 21. g4
Qb3 22. Qe2 Rc5 23. Bc2 Qd5 24. Rd1 Qc6 25. Qd3 g6 26. Qxd7 Qf3 27. Qd4 Rxa5
28. Rd3 Qc6 29. Kf2 Ra2 30. c4 Qe4 31. Kg3 Qxd4 32. Rxd4 Rxb2 33. Be4 Bxe4 34.
Rxe4 Rb3+ 35. Kf2 Rd8 36. f5 Rd2+ 37. Re2 Rxe2+ 38. Kxe2 Rc3 39. fxe6 fxe6 40.
Ra1 Rxc4 41. Rxa6 Rxg4 42. Kf3 Rh4 43. Kg3 Re4 44. Kf3 Re5 45. Ra7 Rf5+ 46. Kg3
Rf7 47. Ra6 Re7 48. Kf4 Kf7 49. Ke5 Rb7 50. Ra5 Rd7 51. h4 h6 52. Rb5 g5 53. h5
Rd5+ 54. Rxd5 exd5 55. Kxd5 Kf6 56. Ke4 Ke6 57. Kf3 Ke5 0-1

[Event "SR Extraliga 2017/2018"]
[Site "?"]
[Date "2018.01.07"]
[Round "8.5"]
[White "Polak, Tomas"]
[Black "Mikrut, Dariusz"]
[Result "0-1"]
[WhiteElo "2515"]
[BlackElo "2374"]
[PlyCount "206"]
[EventDate "2017.??.??"]

1. d4 d5 2. c4 c6 3. Nc3 Nf6 4. Nf3 e6 5. e3 Nbd7 6. Qc2 Bd6 7. Be2 O-O 8. b3
b6 9. O-O Bb7 10. Bb2 Qe7 11. Rad1 Rad8 12. Rfe1 Rfe8 13. h3 h6 14. Bf1 e5 15.
cxd5 cxd5 16. Nb5 Rc8 17. Qb1 e4 18. Nxd6 Qxd6 19. Ne5 Nb8 20. Rc1 Ba6 21. Rxc8
Rxc8 22. Rc1 Qe6 23. Rc2 Bxf1 24. Kxf1 Ne8 25. Ba3 Kh7 26. f3 f6 27. Ng4 h5 28.
Nf2 f5 29. h4 Rxc2 30. Qxc2 Qc6 31. Qxc6 Nxc6 32. Nh3 Nf6 33. Kf2 Kg6 34. Kg3
exf3 35. gxf3 Kf7 36. Kf4 g6 37. Nf2 Nd7 38. Nd3 Kf6 39. Kg3 Kf7 40. Bd6 Nd8
41. Nf4 Nf6 42. Bb8 Nc6 43. Be5 Nd7 44. Bd6 Nf6 45. Nd3 Nd7 46. Bc7 Nf8 47. Nf4
Nb4 48. a3 Nc2 49. Nxd5 Nxa3 50. Bd6 Nc2 51. Bb8 a5 52. Nxb6 Nxe3 53. d5 Nf1+
54. Kf4 Nd2 55. Nc4 Nxb3 56. Ne5+ Ke7 57. Kg5 Nd4 58. Ba7 Nb3 59. Bb8 a4 60.
Nc4 Nd4 61. Bd6+ Ke8 62. Kf4 Nd7 63. Ke3 Nb5 64. Bb4 Nf6 65. Kd3 Nxd5 66. Bd2
a3 67. Bc1 a2 68. Bb2 Nf4+ 69. Ke3 Ng2+ 70. Kf2 Nf4 71. Ke3 Nd5+ 72. Kd2 Nbc7
73. Kc2 Ne6 74. Kb3 Nef4 75. Ne5 Ke7 76. Kxa2 Nb4+ 77. Kb3 Nbd3 78. Ba3+ Ke6
79. Nc4 Ng2 80. Nd2 Nxh4 81. Bf8 Ne5 82. f4 Nd3 83. Bh6 Ng2 84. Kc4 Ndxf4 85.
Nf3 Nh3 86. Kd3 Kf6 87. Bc1 g5 88. Bb2+ Kf7 89. Nd4 Kg6 90. Nc6 f4 91. Ke4 Nf2+
92. Kf3 Nd3 93. Bc3 Ne3 94. Bd4 Nf5 95. Bb6 Ng3 96. Ne7+ Kf7 97. Nd5 g4+ 98.
Kg2 Ne4 99. Bc7 f3+ 100. Kh2 Kg6 101. Ne3 Kg5 102. Nd5 h4 103. Bd8+ Kh5 0-1

[Event "SR Extraliga 2017/2018"]
[Site "?"]
[Date "2018.01.07"]
[Round "8.6"]
[White "Holtman, Teodor"]
[Black "Pacher, Milan"]
[Result "1-0"]
[WhiteElo "2261"]
[BlackElo "2444"]
[PlyCount "99"]
[EventDate "2017.??.??"]

1. e4 c5 2. Nf3 d6 3. d4 cxd4 4. Nxd4 Nf6 5. Nc3 a6 6. h3 e6 7. g4 Nfd7 8. Bg2
Be7 9. Be3 Nc6 10. Qd2 Nde5 11. b3 Bd7 12. Nce2 O-O 13. c3 Rc8 14. O-O Qa5 15.
Rad1 Nxd4 16. Bxd4 Bc6 17. Ng3 Ng6 18. Nh5 e5 19. Be3 Rfe8 20. Ng3 Nh4 21. Bh1
b5 22. Qb2 Bf8 23. Rd3 Ng6 24. Qd2 Nf4 25. Bxf4 exf4 26. Nh5 Bxe4 27. Bxe4 Rxe4
28. Nxf4 Rce8 29. Re3 b4 30. cxb4 Qg5 31. Nd5 Rxe3 32. Nxe3 h5 33. Qd3 g6 34.
Rd1 hxg4 35. hxg4 Qf4 36. Qd5 Bg7 37. Qxd6 Be5 38. Qc6 Re6 39. Rd8+ Kg7 40. Qh1
Qh6 41. Qxh6+ Kxh6 42. Rd7 f6 43. Kg2 Kg5 44. Kf3 f5 45. Rd5 Kf6 46. b5 f4 47.
Nc4 Bc7 48. Rc5 Bb6 49. Nxb6 Rxb6 50. Rc6+ 1-0

[Event "SR Extraliga 2017/2018"]
[Site "?"]
[Date "2018.01.07"]
[Round "8.7"]
[White "Zetocha, Claudiu"]
[Black "Jacko, Vladimir"]
[Result "0-1"]
[WhiteElo "2347"]
[BlackElo "2304"]
[PlyCount "86"]
[EventDate "2017.??.??"]

1. d4 Nf6 2. Nf3 g6 3. c4 Bg7 4. Nc3 O-O 5. Bg5 h6 6. Bh4 c6 7. e3 d6 8. Be2
Nbd7 9. Qc2 Re8 10. O-O Qc7 11. Rfd1 Nf8 12. Nd2 Bf5 13. Bd3 Bxd3 14. Qxd3 e5
15. d5 c5 16. Bxf6 Bxf6 17. a3 Bg7 18. Rab1 Qe7 19. b4 Nd7 20. e4 Rec8 21. Nb3
b6 22. Na4 cxb4 23. axb4 Bf8 24. Nc3 Qd8 25. Rdc1 a6 26. Ra1 h5 27. Nd1 Bh6 28.
Rc2 Ra7 29. Rca2 Rac7 30. Nb2 b5 31. Na5 Nb8 32. g3 Qd7 33. h4 Kh7 34. Kg2 Kg7
35. Ra3 f5 36. c5 dxc5 37. d6 c4 38. Qd5 Ra7 39. Qxe5+ Kh7 40. exf5 Qxf5 41.
Qd4 Rd7 42. Rf3 Bg7 43. Qb6 Qe4 0-1

[Event "SR Extraliga 2017/2018"]
[Site "?"]
[Date "2018.01.07"]
[Round "8.8"]
[White "Kusiak, Matej"]
[Black "Petran, Peter"]
[Result "0-1"]
[WhiteElo "2300"]
[BlackElo "2316"]
[PlyCount "106"]
[EventDate "2017.??.??"]

1. e4 g6 2. h4 h5 3. d4 d6 4. Nc3 Bg7 5. Be3 c6 6. Qd2 b5 7. Nh3 Bxh3 8. Rxh3
Nd7 9. f3 Ngf6 10. a3 a6 11. Be2 Nb6 12. O-O-O a5 13. g4 b4 14. axb4 axb4 15.
Nb1 hxg4 16. fxg4 Nxe4 17. Qd3 d5 18. Bf3 Ra1 19. Bxe4 dxe4 20. Qxe4 Qd5 21.
Qxd5 Nxd5 22. Bg5 f6 23. Bd2 Kf7 24. h5 gxh5 25. Rxh5 Rg8 26. c4 bxc3 27. bxc3
Rb8 28. Kc2 e6 29. Rhh1 Ra2+ 30. Kd3 Rb3 31. Rc1 Rab2 32. Be3 Rxb1 33. Rxb1
Rxc3+ 34. Kd2 Rxe3 35. Rhe1 Bh6 36. Rxe3 Bxe3+ 37. Kd3 Kg6 38. Rb8 Kg5 39. Rg8+
Kf4 40. Rg6 Kf3 41. Kc4 Ke4 42. Rg7 Bxd4 43. g5 fxg5 44. Rxg5 Ne3+ 45. Kb3 c5
46. Ka2 Kd3 47. Kb1 e5 48. Kc1 c4 49. Rg8 e4 50. Ra8 Nd5 51. Rd8 Nf4 52. Rd7 c3
53. Rc7 e3 0-1

[Event "SR Extraliga 2017/2018"]
[Site "?"]
[Date "2018.03.02"]
[Round "9.1"]
[White "Navara, David"]
[Black "Vovk, Jurij"]
[Result "1-0"]
[WhiteElo "2737"]
[BlackElo "2600"]
[PlyCount "71"]
[EventDate "2017.??.??"]

1. Nf3 Nf6 2. c4 e6 3. g3 d5 4. Bg2 dxc4 5. Qa4+ Nbd7 6. Qxc4 c5 7. O-O a6 8.
Qb3 Ra7 9. a4 b6 10. Na3 Bd6 11. Nc4 Bc7 12. d3 Bb7 13. e4 O-O 14. Be3 Bc6 15.
h3 Qb8 16. Qc3 Rc8 17. b4 Rb7 18. Rfb1 b5 19. axb5 axb5 20. Na5 Bxa5 21. Rxa5
cxb4 22. Qxb4 e5 23. Rc1 Nb6 24. Ra6 Be8 25. Rxc8 Nxc8 26. d4 Nd7 27. Qa5 Ra7
28. Rxa7 Nxa7 29. d5 Nc8 30. Qd8 Nd6 31. Qxb8 Nxb8 32. Nxe5 b4 33. Nd3 b3 34.
Bf4 Bb5 35. Nb2 Nc4 36. Bf1 1-0

[Event "SR Extraliga 2017/2018"]
[Site "?"]
[Date "2018.03.02"]
[Round "9.2"]
[White "Stocek, Jiri"]
[Black "Babula, Vlastimil"]
[Result "1/2-1/2"]
[WhiteElo "2567"]
[BlackElo "2556"]
[PlyCount "70"]
[EventDate "2017.??.??"]

1. Nf3 c5 2. c4 Nc6 3. Nc3 Nd4 4. g3 g6 5. Bg2 Bg7 6. O-O Nh6 7. a3 O-O 8. b4
d6 9. Bb2 Bg4 10. e3 Nxf3+ 11. Bxf3 Bxf3 12. Qxf3 b6 13. Rab1 Rc8 14. d3 Qd7
15. Rfc1 e6 16. Ba1 f5 17. Qg2 Nf7 18. f4 Rfd8 19. g4 fxg4 20. Qxg4 Nh6 21. Qh3
Nf5 22. Ne4 d5 23. cxd5 exd5 24. Nf6+ Bxf6 25. Bxf6 Re8 26. Be5 Qf7 27. bxc5
bxc5 28. e4 dxe4 29. dxe4 Ng7 30. Qb3 Ne6 31. Qb7 Rf8 32. Rf1 Nd4 33. Rf2 Qxb7
34. Rxb7 Rf7 35. Rb1 Re8 1/2-1/2

[Event "SR Extraliga 2017/2018"]
[Site "?"]
[Date "2018.03.02"]
[Round "9.3"]
[White "Markos, Jan"]
[Black "Vetoshko, Volodymyr"]
[Result "1-0"]
[WhiteElo "2563"]
[BlackElo "2520"]
[PlyCount "65"]
[EventDate "2017.??.??"]

1. d4 Nf6 2. c4 e6 3. Nf3 d5 4. Nc3 Be7 5. Bg5 O-O 6. e3 Nbd7 7. Rc1 b6 8. cxd5
exd5 9. Qa4 c5 10. Bb5 Bb7 11. O-O a6 12. Bxd7 Nxd7 13. Bxe7 Qxe7 14. dxc5 bxc5
15. Rfd1 Rab8 16. Qf4 Nf6 17. Na4 Nd7 18. b3 Rfd8 19. Qh4 f6 20. Qg3 Rbc8 21.
Nh4 Qe6 22. e4 d4 23. Nf5 g6 24. Nd6 Rb8 25. Nxb7 Rxb7 26. Rxc5 Qxe4 27. Qd6
Re8 28. Rcc1 Kf7 29. Qxa6 Re6 30. Qc4 Qe2 31. Qxd4 Qxa2 32. Qd5 Ra7 33. Re1 1-0

[Event "SR Extraliga 2017/2018"]
[Site "?"]
[Date "2018.03.02"]
[Round "9.4"]
[White "Nayhebaver, Martin"]
[Black "Kriebel, Tadeas"]
[Result "1-0"]
[WhiteElo "2470"]
[BlackElo "2520"]
[PlyCount "85"]
[EventDate "2017.??.??"]

1. e4 e5 2. Nf3 Nc6 3. Bb5 a6 4. Ba4 Nf6 5. O-O Be7 6. Re1 b5 7. Bb3 d6 8. c3
O-O 9. h3 Bb7 10. d4 Nd7 11. a4 Bf6 12. d5 Na7 13. axb5 axb5 14. Be3 Qb8 15.
Na3 Nc5 16. Bc2 c6 17. b4 Nd7 18. Qd3 Be7 19. Bb3 h6 20. Nd2 Bd8 21. dxc6 Bxc6
22. c4 bxc4 23. Naxc4 Be7 24. Na5 Bb5 25. Bc4 Rc8 26. Bxa7 Bxc4 27. Ndxc4 Rxa7
28. Ne3 Bf8 29. Nd5 Nb6 30. Reb1 Nxd5 31. exd5 Qa8 32. Ra3 Rb8 33. Rc3 Rxb4 34.
Rxb4 Rxa5 35. Rc6 g6 36. Qf3 Ra7 37. Rcb6 Qc8 38. Rb8 Ra1+ 39. Kh2 Qc1 40. Qf6
Qh1+ 41. Kg3 Ra3+ 42. f3 Ra8 43. R4b7 1-0